201 icebreakers : (Record no. 1257)

MARC details
000 -LEADER
fixed length control field 00875fam a22002894a 4500
005 - DATE AND TIME OF LATEST TRANSACTION
control field 20260322212053.0
008 - FIXED-LENGTH DATA ELEMENTS--GENERAL INFORMATION
fixed length control field data
010 ## - LIBRARY OF CONGRESS CONTROL NUMBER
LC control number 96077804
020 ## - INTERNATIONAL STANDARD BOOK NUMBER
International Standard Book Number 0070696004 (pbk.)
020 ## - INTERNATIONAL STANDARD BOOK NUMBER
International Standard Book Number 0070695997 (LL)
020 ## - INTERNATIONAL STANDARD BOOK NUMBER
International Standard Book Number 9780070695993 (LL)
020 ## - INTERNATIONAL STANDARD BOOK NUMBER
International Standard Book Number 9780070696006 (pbk.)
040 ## - CATALOGING SOURCE
Original cataloging agency DLC
Transcribing agency DLC
Modifying agency DLC
042 ## - AUTHENTICATION CODE
Authentication code pcc
050 00 - LIBRARY OF CONGRESS CALL NUMBER
Classification number HF5549.5.G73
Item number W468 1997
092 ## - LOCALLY ASSIGNED DEWEY CALL NUMBER (OCLC)
Classification number 658.4 W52 1997
001 - CONTROL NUMBER
control field data
100 1# - MAIN ENTRY--PERSONAL NAME
Personal name West, Edie.
245 10 - TITLE STATEMENT
Title 201 icebreakers :
Remainder of title group mixers, warm-ups, energizers, and playful activities /
Statement of responsibility, etc. Edie West.
246 3# - VARYING FORM OF TITLE
Title proper/short title Two hundred one icebreakers
246 3# - VARYING FORM OF TITLE
Title proper/short title Two hundred and one icebreakers
260 ## - PUBLICATION, DISTRIBUTION, ETC.
Place of publication, distribution, etc. New York :
Name of publisher, distributor, etc. McGraw-Hill,
Date of publication, distribution, etc. c1997.
300 ## - PHYSICAL DESCRIPTION
Extent xxvii, 424 p. :
Other physical details ill. ;
Dimensions 28 cm.
500 ## - GENERAL NOTE
General note "Great for trainers, speakers, and group facilitators"--Cover.
650 #0 - SUBJECT ADDED ENTRY--TOPICAL TERM
Topical term or geographic name entry element Group relations training.
650 #0 - SUBJECT ADDED ENTRY--TOPICAL TERM
Topical term or geographic name entry element Meetings.
Holdings
Withdrawn status Lost status Damaged status Not for loan Home library Current library Shelving location Date acquired Total checkouts Full call number Barcode Date last seen Price effective from Koha item type
        Springfield Springfield General stacks 22/03/2026   HF5549.5.G73 W468 1997 BC0011298 22/03/2026 22/03/2026 Books